<?xml version="1.0" encoding="UTF-8"?>
<record
    xmlns:xsi="http://www.w3.org/2001/XMLSchema-instance"
    xsi:schemaLocation="http://www.loc.gov/MARC21/slim http://www.loc.gov/standards/marcxml/schema/MARC21slim.xsd"
    xmlns="http://www.loc.gov/MARC21/slim">

  <leader>00925nam a2200229 i 4500</leader>
  <controlfield tag="001">141885</controlfield>
  <controlfield tag="003">ES-MaACL</controlfield>
  <controlfield tag="005">20231207063032.0</controlfield>
  <controlfield tag="007">t|</controlfield>
  <controlfield tag="008">071001s1971    sp           |||| | spa d</controlfield>
  <datafield tag="100" ind1="1" ind2=" ">
    <subfield code="a">Vi&#xF1;as y Mey, Carmelo</subfield>
    <subfield code="9">115384</subfield>
  </datafield>
  <datafield tag="245" ind1="1" ind2="0">
    <subfield code="a">Relaciones hist&#xF3;rico-geogr&#xE1;fico-estad&#xED;sticas de los pueblos de Espa&#xF1;a hechas por inicitiva de Felipe II </subfield>
    <subfield code="b">: Ciudad Real / </subfield>
    <subfield code="c">Carmelo Vi&#xF1;as y Mey y Ram&#xF3;n Paz.</subfield>
  </datafield>
  <datafield tag="260" ind1=" " ind2=" ">
    <subfield code="a">Madrid : </subfield>
    <subfield code="b">Instituto Balmes de Sociolog&#xED;a ; Instituto de Juan Sebasti&#xE1;n Elcano de Geograf&#xED;a, </subfield>
    <subfield code="c">1971.</subfield>
  </datafield>
  <datafield tag="300" ind1=" " ind2=" ">
    <subfield code="a">XXIV, 618 p. ; </subfield>
    <subfield code="c">26 cm.</subfield>
  </datafield>
  <datafield tag="651" ind1=" " ind2="4">
    <subfield code="a">Ciudad Real (Provincia)-</subfield>
    <subfield code="x">Historia.</subfield>
    <subfield code="9">153470</subfield>
  </datafield>
  <datafield tag="651" ind1=" " ind2="4">
    <subfield code="a">Ciudad Real (Provincia)-</subfield>
    <subfield code="x">Descripci&#xF3;n.</subfield>
    <subfield code="9">153471</subfield>
  </datafield>
  <datafield tag="700" ind1="1" ind2=" ">
    <subfield code="a">Paz, Ram&#xF3;n.</subfield>
    <subfield code="9">89759</subfield>
  </datafield>
  <datafield tag="710" ind1="2" ind2=" ">
    <subfield code="a">Instituto Balmes de Sociolog&#xED;a.</subfield>
    <subfield code="9">4799</subfield>
  </datafield>
  <datafield tag="710" ind1="2" ind2=" ">
    <subfield code="a">Instituto "Juan Sebasti&#xE1;n Elcano"</subfield>
    <subfield code="9">5113</subfield>
  </datafield>
  <datafield tag="852" ind1=" " ind2=" ">
    <subfield code="a">ES-MaACL</subfield>
    <subfield code="j">E-5750</subfield>
  </datafield>
  <datafield tag="999" ind1=" " ind2=" ">
    <subfield code="c">141885</subfield>
    <subfield code="d">141885</subfield>
  </datafield>
  <datafield tag="952" ind1=" " ind2=" ">
    <subfield code="0">0</subfield>
    <subfield code="1">0</subfield>
    <subfield code="4">0</subfield>
    <subfield code="7">0</subfield>
    <subfield code="a">ATENEOM</subfield>
    <subfield code="b">ATENEOM</subfield>
    <subfield code="c">DEPO2</subfield>
    <subfield code="d">2008-01-17</subfield>
    <subfield code="e">SC</subfield>
    <subfield code="l">0</subfield>
    <subfield code="o">E-5750</subfield>
    <subfield code="p">1147634</subfield>
    <subfield code="r">2023-02-23 00:00:00</subfield>
    <subfield code="w">2023-02-23</subfield>
    <subfield code="y">MONOGRAFIA</subfield>
  </datafield>
</record>
